| 000 | 01186nam a22003497a 4500 | ||
|---|---|---|---|
| 003 | CHAP | ||
| 005 | 20220329143721.0 | ||
| 008 | 110404s1980 mx r 00010 spa d | ||
| 010 | _a100837 | ||
| 011 | _a101809 | ||
| 020 | _a8485110277 | ||
| 035 | _a112497 | ||
| 040 | _cCHAP | ||
| 082 | 0 | 4 |
_a581.634 _bSi35 |
| 100 | 1 |
_aSillé, Jean de. _9105963 |
|
| 245 | 1 | 0 |
_aPlantas que curan : _b100 fórmulas de tisanas diccionario de 151 plantas medicinales léxico de térmicos fitoterapéuticos _c/por Jean de Sillé |
| 260 |
_aEspaña : _bCedel, _c1980 |
||
| 300 |
_a58 p. : _bilus. |
||
| 490 | 0 | _aSalud natural | |
| 534 |
_pTít. original : _tDes plantes pour vous guerir |
||
| 590 |
_aBATCH-UPD _b10 _c20130110 _lUCH01 _h1117 |
||
| 590 |
_aBATCH-UPD _b10 _c20130410 _lUCH01 _h0708 |
||
| 590 |
_aBATCH-UPD _b10 _c20130914 _lUCH01 _h0739 |
||
| 590 |
_aCONVERSION _b10 _c20130109 _lUCH01 _h1356 |
||
| 650 | 1 | 4 |
_aBotánica médica. _914680 |
| 650 | 1 | 4 |
_aBotánica _xClasificación. _914516 |
| 650 | 1 | 4 |
_aTerapéutica fisiológica. _9112346 |
| 830 | 0 |
_aSalud natural _9101812 |
|
| 901 | _aBK | ||
| 942 | _cLIBRO | ||
| 949 |
_a581.634 Si35 _bBC _cLIBRO _d33724002236157 _eLIBRO _h114580 _i112497 _sb |
||
| 999 |
_c100837 _d100837 |
||